States of Pakistan - Statistics

General Stats
  • This quiz has been taken 43 times
  • The average score is 3 of 6
Answer Stats
Answer % Correct
Punjab
95%
Balochistan
86%
Sindh
78%
Gilgit Baltistan
24%
Azad Jammu & Kashmir
5%
Khyber Pukhtoonkhwa
5%
No matching quizzes found
Score Distribution
Percent of People with Each Score
Percentile by Number Answered
Your Score History
You have not taken this quiz